Assemblers, compilers, and program translation /
Guardado en:
| Autor Principal: | |
|---|---|
| Formato: | Libro |
| Idioma: | English |
| Publicado: |
Potomac, Md. :
Computer Science Press,
c1979.
|
| Series: | Computer software engineering series
|
| Materias: | |
| Etiquetas: |
Agregar Etiqueta
Sin Etiquetas, Sea el primero en etiquetar este registro!
|
| LEADER | 00772cam a2200229 a 4500 | ||
|---|---|---|---|
| 001 | MAT.inmabb002748 | ||
| 008 | 780926s1979####mdua#####b####001#0#eng## | ||
| 005 | 20160606165603.0 | ||
| 245 | 1 | 0 | |a Assemblers, compilers, and program translation / |c Peter Calingaert. |
| 260 | |a Potomac, Md. : |b Computer Science Press, |c c1979. | ||
| 300 | |a xiv, 270 p. : |b il. ; |c 24 cm. | ||
| 440 | 0 | |a Computer software engineering series | |
| 504 | |a Bibliografía: p. 257-260. | ||
| 020 | |a 0914894234 | ||
| 100 | 1 | |a Calingaert, Peter. | |
| 650 | 0 | |a Assembling (Electronic computers) | |
| 650 | 0 | |a Compilers (Computer programs) | |
| 650 | 0 | |a Translators (Computer programs) | |
| 084 | |a 68N20 |2 msc2000 | ||
| 010 | |a 78021905 | ||
| 040 | |a DLC |c DLC |d DLC | ||
| 859 | |h 68 |i C154 |p A-5197 |b BIB. MATEMATICA | ||
